Derecho Civil: teoría general del Derecho Civil Alemán

Na minha lista:
Detalhes bibliográficos
Autor principal: Tuhr, Andreas von (Author)
Formato: Livro
Idioma:espanhol
Publicado em: Buenos Aires Depalma 1946
Edição:1a. ed
Colecção:Biblioteca Jurídica, 4
Assuntos:
Tags: Adicionar Tag
Sem tags, seja o primeiro a adicionar uma tag!

MARC

LEADER 00000cam a2200000 a 4500
001 UCD3748
003 CL-VaPUC
008 160616e19460000ag |||||||||||||||||spa|d
082 0 4 |a 346.43  |b TUH  |2 21 
100 0 |a Tuhr, Andreas von  |e author  |9 587333 
245 1 0 |a Derecho Civil: teoría general del Derecho Civil Alemán 
250 |a 1a. ed 
300 |a v 
942 |c BK 
945 |d 20160616 22:39:00  |a dcastane 
260 |a Buenos Aires  |b Depalma  |c 1946 
500 |a v.1 p.1: los derechos subjetivos y el patrimonio 
500 |a v.1 p.2: las personas 
500 |a v.2 p.1: los hechos jurídicos 
500 |a v.3 p.1: los hechos jurídicos. El negocio jurídico 
500 |a v.3 p.2: los hechos jurídicos. El negocio jurídico. La ilicitud-el tiempo. Ejecicio y protección de los derechos 
650 0 |a Derecho civil alemán   |9 432135 
650 0 |a Jurisprudencia  |9 255952 
583 |a last modification  |c 20160616 22:39:00  |k Rodrigo Vera 
490 0 |a Biblioteca Jurídica, 4 
999 |c 364773  |d 364771 
952 |0 0  |1 0  |3 erd  |4 0  |6 346_430000000000000_TUH_1946  |7 0  |8 A  |9 478356  |a BIBDER  |b BIBDER  |h v.1 p.1  |i 5313449  |o 346.43 TUH 1946  |p 5313449  |r 2023-01-25  |w 2019-11-24  |y BK  |z Catalogado en:20160616  |k DER 
952 |0 0  |1 0  |3 erd  |4 0  |6 346_430000000000000_TUH_1946  |7 0  |8 A  |9 478357  |a BIBDER  |b BIBDER  |h v.1 p.2  |i 5313430  |o 346.43 TUH 1946  |p 5313430  |r 2023-01-25  |w 2019-11-24  |y BK  |z Catalogado en:20160616  |k DER 
952 |0 0  |1 0  |3 erd  |4 0  |6 346_430000000000000_TUH_1946  |7 0  |8 A  |9 478358  |a BIBDER  |b BIBDER  |h v.2 p.1  |i 5313422  |o 346.43 TUH 1946  |p 5313422  |r 2023-01-25  |w 2019-11-24  |y BK  |z Catalogado en:20160616  |k DER 
952 |0 0  |1 0  |3 erd  |4 0  |6 346_430000000000000_TUH_1946  |7 0  |8 A  |9 478359  |a BIBDER  |b BIBDER  |h v.3 p.1  |i 5313414  |o 346.43 TUH 1946  |p 5313414  |r 2023-01-25  |w 2019-11-24  |y BK  |z Catalogado en:20160616  |k DER 
952 |0 0  |1 0  |3 erd  |4 0  |6 346_430000000000000_TUH_1946  |7 0  |8 A  |9 478360  |a BIBDER  |b BIBDER  |h v.3 p.2  |i 5313406  |o 346.43 TUH 1946  |p 5313406  |r 2023-01-25  |w 2019-11-24  |y BK  |z Catalogado en:20160616  |k DER